000 00384nam a2200169Ia 4500
008 210210b1911 xxu||||| |||| 00| 0 eng d
041 _aeng
082 _a515/62
100 _aGODFREY
245 _aSolid geometry
260 _aLondon
_bCambridge University Press
_c1911
650 _aSolid
650 _ageometry
690 _aGeometry
700 _aSIDDONS
906 _a007627
999 _c140166
_d140166